| 000 | 003830000a22001450004500 | ||
|---|---|---|---|
| 001 | 5636 | ||
| 090 | _a5636 | ||
| 100 | _a19971021 1971 |||y0pory5003 ba | ||
| 102 | _aUS | ||
| 200 |
_aNumerical Weather Prediction _fGeorge J. Haltiner |
||
| 210 |
_aNew York _cJohn Wiley & Sons _d1971 |
||
| 215 |
_a317 p. _d18 cm |
||
| 317 | _aOrigem: IM | ||
| 606 |
_aPREVISÃO NUMERICA _zIM |
||
| 700 | 1 |
_aHaltiner _bGeorge J. |
|